000 00321nam a22001217a 4500
020 _a0-13-381681-8
082 _a621.319240202 LEN'H
100 _aLENK, JOHN D
_957741
245 _aHANDBOOK OF SIMPLIFIEED ELECTRICAL WIRING DESIGN
260 _aNEW JERSEY
_bPRENTICE HALL
_c1975
300 _aXIX,332P
942 _cBK
_2ddc
999 _c581516
_d581516